| 000 | 00987nam a22002777a 4500 | ||
|---|---|---|---|
| 003 | OSt | ||
| 005 | 20240724153706.0 | ||
| 008 | 240719b ||||| |||| 00| 0 eng d | ||
| 022 | _a00221333 | ||
| 040 | _cAIMIT LIBRARY | ||
| 082 |
_a575.1 _bGENE |
||
| 110 |
_aIndian Journal of Science _9173744 |
||
| 245 |
_aJournal of genetics / _cBy Indian Journal of Science |
||
| 260 |
_aNew Delhi ; _bSpringer , _c2015. |
||
| 300 |
_bHB _c28 cm. |
||
| 440 |
_aJournal of genetics. _vVol.94 No.3-4/2015 _9173745 |
||
| 440 | _vVol.94 No.1-2/2015 | ||
| 440 | _vVol.97 No.1,4-5/2018 | ||
| 440 | _vVol.96 No.1-3/2017 | ||
| 440 | _vVol.96 No.4-6/2017 | ||
| 440 | _vVol.97 No.1-3/2018 | ||
| 650 |
_aCombined effect between two functional polymorphisms of SLC6A12 gene is associated with temporal lobe epilepsy _9173746 |
||
| 650 |
_aStatus of research on drosophila ananassae at global level _9173747 |
||
| 650 |
_aJournal of genetics online resources _9173748 |
||
| 942 |
_2ddc _cBV _k575.1 GENE |
||
| 999 |
_c231473 _d231473 |
||